000 00374nam a2200145Ia 4500
008 230711s9999||||xx |||||||||||||| ||und||
041 _aENG
082 _a510
_bBI-M
100 _aBinmore,K.G.
245 0 _aMathematical analysis a straight forward approach
250 _a3rd . Ed.
260 _c1991
_aNew Delhi
_bFoundation Corbusier
650 _aMathematics
942 _cBK
999 _c1434
_d1434